Quattro Pro 3: self-teaching guide

Guardat en:
Dades bibliogràfiques
Autor principal: Meyer, Jennifer (autora)
Format: Llibre
Idioma:anglès
Publicat: Nueva York John Wiley 1991
Col·lecció:Wiley self-teaching guides
Matèries:
Etiquetes: Afegir etiqueta
Sense etiquetes, Sigues el primer a etiquetar aquest registre!

MARC

LEADER 00000nam a2200000 a 4500
001 UCV7094
003 CL-VaPUC
008 930429e19910000US |||||||||||||||||eng|d
082 0 4 |a 005.369  |b MEY  |2 21 
100 |a Meyer, Jennifer  |e autora  |9 301109 
245 1 0 |a Quattro Pro 3: self-teaching guide 
300 |a 338 p 
942 |c BK 
945 |d 19930429 00:00:00 
260 |a Nueva York  |b John Wiley  |c 1991 
650 7 |a QUATTRO  |2 CL-VaPUC  |9 260461 
650 0 |a Programas de computadores   |9 260046 
650 7 |a NEGOCIOS PROGRAMAS PARA COMPUTADOR  |2 CL-VaPUC  |9 262748 
650 7 |a PAGINAS ELECTRONICAS  |2 CL-VaPUC  |9 262747 
583 |a last modification  |c 19930429 00:00:00  |k Rodrigo Vera 
490 0 |a Wiley self-teaching guides 
999 |c 212835  |d 212833 
952 |0 0  |1 0  |4 0  |6 005_369000000000000_MEY_1991  |7 0  |8 A  |9 194513  |a BIBING  |b BIBING  |d 2019-11-14  |i 262687K  |o 005.369 MEY 1991  |p 262687K  |r 2025-01-20  |w 2019-11-14  |y BK  |k EIQ